Sistema Solar por tamanho - Statistics

Estatísticas Gerais
  • Esse quiz foi jogado 131 vezes
  • A pontuação média é 10 de 11
Estatísticas das Respostas
Diâmetro Equatorial Resposta % Correto
1.390.000 Sol
97%
12.756,2 Terra
93%
142.984 Júpiter
92%
120.536 Saturno
92%
12.103,6 Vênus
92%
6.794,4 Marte
91%
49.538 Netuno
90%
51.118 Urano
88%
4.879,4 Mercúrio
87%
2.320 Plutão
80%
3.476 Lua
72%
Nenhum quiz correspondente encontrado
Distribuição das Pontuações
Porcentagem de Pessoas com Cada Pontuação
Percentil de Números Respondidos
Sua Pontuação Histórica
Você não jogou esse quiz